Demokrat Parti (Record no. 10616)

MARC details
000 -BAŞLIK
Sabit Uzunlukta Kontrol Alanı 00902na a2200277 4500
001 - KONTROL NUMARASI
Denetim Alanı 24052
003 - KONTROL NUMARASI IDENTIFIER
Denetim Alanı MIRAKIL
005 - SON İŞLEM TARİHİ VE ZAMANI
Denetim Alanı 20181213155328.0
008 - SABİT-BOY VERİ ELEMANLARI - GENEL BİLGİLER
Sabit Uzunlukta Kontrol Alanı 180306b tu 000 0
020 ## - ULUSLARARASI STANDART KİTAP NUMARASI
Uluslararası Standart Kitap Numarası 9755332278
040 ## - KATALOGLAMA KAYNAK
Orijinal Kataloglama Ajansı Milas
Kataloglama Dili tur
Metne Dönüştürmek Ajansı TR-AnCHP
041 ## - DİL KODU
Metin / Ses Parça Veya Ayrı Başlığın Dil Kodu tur
082 ## - DEWEY ONLU SINIFLANDIRMA NUMARASI
Sınıflandırma Numarası 324.2561
Ürün Numarası E66d 1970
090 ## - SINIFLAMA NUMARASI
Sınıflama Numarası 324.2561 E66d 1970
100 ## - ANA GİRİŞ - KİŞİSEL İSİM
Kişisel Ad Eroğul, Cem
245 ## - BAŞLIK TABLOSU
Başlık Demokrat Parti
Başlığın Kalan Tarihi ve ideolojisi
Sorumluluk Tablosu, Vb Cem Eroğul
246 ## - UNVAN FORM VARYING
Başlık Doğru / Kısa Başlığı Tarihi ve ideolojisi
260 ## - YAYIN, DAĞITIM, VB
Yayın, Dağıtım, Vb Yeri Ankara
Yayıncı, Dağıtıcı, Vs Adı Ankara Üniversitesi Siyasal Bilgiler Fakültesi Yayınları
Yayın, Dağıtım, Vb Tarihi 1970
Üretici Firma Sevinç Matbaası
300 ## - FİZİKSEL TANIM
Kapsam 228 s.
Boyutlar 24 sm.
504 ## - KAYNAKÇA VB NOT
Kaynakça Vb Notu Kaynakça var.
610 ## - KONU KATMA GİRİŞ - TOPLANTI ADI
Giriş Elemanı Olarak Kurumsal Ad Veya Yargı Alanı Adı Demokrat Parti (DP)
Genel Alt Bölüm Propaganda ve ideolojiler
610 ## - KONU KATMA GİRİŞ - TOPLANTI ADI
Giriş Elemanı Olarak Kurumsal Ad Veya Yargı Alanı Adı Demokrat Parti (DP)
Genel Alt Bölüm Tarih
650 ## - KONU KATMA GİRİŞ - TOPİKAL DÖNEM
Topikal Süreli Veya Coğrafi Ad Giriş Elemanı Siyasal partiler
Genel Alt Bölümü Demokrat Parti
Kronolojik Alt Bölümü Tarih
650 ## - KONU KATMA GİRİŞ - TOPİKAL DÖNEM
Topikal Süreli Veya Coğrafi Ad Giriş Elemanı Siyaset ve yönetim
Genel Alt Bölümü Siyasal partiler
Kronolojik Alt Bölümü Demokrat Parti
Coğrafi Alt Bölümü Türkiye
942 ## - EKLENDİ GİRİŞ ELEMANLARI (KOHA)
Sınıflandırma Veya Raf Düzeni Kaynak Dewey Decimal Classification
Koha Öğesi Türü Books
999 ## - SİSTEM KONTROL NUMARALARI (KOHA)
Koha Biblionumber 10616
Koha Biblioitemnumber 10616
Holdings
Kalıcı Konum Mevcut Konum Edinme Tarihi Edinim Kaynak Toplam Check-Out'Lar Tam Çağrı Numarası Barkod Tarih Son Görülme İtibaren Geçerli Fiyatlar Koha Öğesi Türü
CHP Kütüphanesi CHP Kütüphanesi 03/06/2018 Bağış   324.2561 E66d 1970 018081 03/06/2018 03/06/2018 Books